000 00656nam a2200217 a 4500
001 000017580
003 DO-SdBNP
005 20240412074248.0
008 100329s1978 dr 000 0 spa d
040 _aDO-SdBNP
_bspa
_cBNPHU
082 4 _aRD863.2
_b077r
_222
100 1 _aOrtega, Virginia Elena
_938347
_d1866-1903
245 1 0 _aRisas y lágrimas /
_cVirginia Elena Ortega.
260 _aSanto Domingo :
_bAlfa y Omega,
_c1978.
300 _a171 p. ;
_c21 cm.
590 _aInventariado, 2020/MAA
650 4 _aCuentos dominicanos
_929124
650 0 _aLiteratura dominicana.
_967
910 _aValidado. Control de calidad MFF
942 _2ddc
_cLBS1
999 _c17105
_d17105